000 01507cam a2200397 a 4500
001 000011893
005 20200929162616.0
008 091029s1979 ag ad 000 0 spa d
040 _aDO-SdBNP
_bspa
_cBNPHU
041 1 7 _aspa
_hfre
_2Código de idioma MARC
082 _a412
_bP962m
240 0 0 _aProblemes et méthodes de la semiologie
_lEspañol
245 0 0 _aProblemas y métodos de la semiología /
_cJ. J. Nattiez [et..al][Compiladores] ; natella Castellani.
260 _aBuenos Aires :
_bNueva Visión,
_c1979.
300 _a142 p. :
_bil., tablas ;
_c23 cm.
490 1 _aSemiótica y epistemología
504 _aIncluye bibliografía: p. 142.
534 _pTítulo original en francés:
_tProblemes et méthodes de la semiologie
_cParís : Didier-Larousse, 1974
650 4 _aSemántica (filosofía)
_927878
650 4 _aSemiología (linguística)
_928112
700 1 _aNattiez, J. J.,
_ecomp.
_928113
700 1 _aJ. C. Gardin,
_ecomp.
_928114
700 1 _aG. G. Granger,
_ecomp.
_928115
700 1 _aF. Lassave,
_ecomp.
_928116
700 1 _aF. Latraverse,
_ecomp.
_928117
700 1 _aJ. M. Martin,
_ecomp.
_928118
700 1 _aJ. Molino,
_ecomp.
_928119
700 1 _aCh. Morris,
_ecomp.
_928120
700 1 _aJ. P. Paillet,
_ecomp.
_928121
700 1 _aR. Tappero,
_ecomp.
_928122
700 1 _aB. Valette,
_ecomp.
_928123
700 1 _aCastellani, Donatella,
_etr.
_928124
830 0 _aSemiótica y epistemología.
_928125
910 _aCatalogación por copia.
049 _aBNGR
999 _c11563
_d11563